000
00287nam a22001217a 4500
008
180807b xxu||||| |||| 00| 0 eng d
082
_a
813.52
245
_a
Gould's contemporary criminal procedure
_c
HOLTZ.L.E
260
_c
2004
300
_a
1
_f
CD
760
_b
8 th
942
_2
ddc
_c
MX
999
_c
46922
_d
46922